| Tag |
First Indicator |
Second Indicator |
Subfields |
| LEADER |
00000cas a2200000 a 4500 |
| 001 |
in00002395049 |
| 005 |
20211202203323.0 |
| 006 |
m o d |
| 007 |
cr ||||||||||| |
| 008 |
080401c19999999dcugr o f| a0eng c |
| 010 |
|
|
|a 2008230585
|
| 019 |
|
|
|a 904430101
|
| 022 |
0 |
|
|a 1943-412X
|l 1931-9312
|2 1
|
| 035 |
|
|
|a (OCoLC)ocn216931307
|
| 037 |
|
|
|b Office of Legislative and Strategic Planning, FHA, 400 7th Street, SW, Washington, DC 20590
|
| 042 |
|
|
|a pcc
|a nsdp
|
| 043 |
|
|
|a n-us---
|
| 040 |
|
|
|a GPO
|b eng
|c GPO
|d GPO
|d DLC
|d OCLCQ
|d OCLCO
|d OCLCF
|d GPO
|d COO
|d OCLCO
|d OCLCQ
|d GILDS
|d GPO
|d MvI
|
| 049 |
|
|
|a WWW
|
| 074 |
|
|
|a 0982-G-21 (online)
|
| 074 |
|
|
|a 0982-G-85 (online)
|
| 086 |
0 |
|
|a TD 2.30/5:
|
| 086 |
0 |
|
|a TD 2.96:
|
| 222 |
|
0 |
|a Status of the nation's highways, bridges and transit, conditions and performance
|b (Online)
|
| 245 |
0 |
0 |
|a Status of the nation's highways, bridges and transit, conditions and performance.
|
| 246 |
3 |
0 |
|a Conditions and performance
|
| 260 |
|
|
|a Washington, D.C. :
|b U.S. Dept. of Transportation, Federal Highway Administration :
|b Federal Transit Administration
|
| 300 |
|
|
|a 1 online resource (volumes)
|
| 310 |
|
|
|a Biennial
|
| 336 |
|
|
|a text
|b txt
|2 rdacontent
|
| 337 |
|
|
|a computer
|b c
|2 rdamedia
|
| 338 |
|
|
|a online resource
|b cr
|2 rdacarrier
|
| 362 |
1 |
|
|a Began with 1999.
|
| 500 |
|
|
|a "Report to Congress."
|
| 538 |
|
|
|a Mode of access: Internet from the FTA web site. Address as of 2/10/08: http://www.fta.dot.gov/publications/reports/reports%5Fto%5Fcongress/publications%5F5208.html ; current access available via PURL.
|
| 588 |
|
|
|a Description based on first issue; title from title screen (viewed Feb. 10, 2008).
|
| 588 |
|
|
|a Latest issue consulted: 2015 (viewed Aug. 10, 2018).
|
| 515 |
|
|
|a Not published in 2012.
|
| 650 |
|
0 |
|a Roads
|z United States
|v Periodicals.
|
| 650 |
|
0 |
|a Bridges
|z United States
|v Periodicals.
|
| 650 |
|
0 |
|a Local transit
|z United States
|v Periodicals.
|
| 650 |
|
7 |
|a Bridges.
|2 fast
|0 (OCoLC)fst00838671
|
| 650 |
|
7 |
|a Local transit.
|2 fast
|0 (OCoLC)fst01001523
|
| 650 |
|
7 |
|a Roads.
|2 fast
|0 (OCoLC)fst01098511
|
| 651 |
|
7 |
|a United States.
|2 fast
|0 (OCoLC)fst01204155
|
| 655 |
|
7 |
|a Periodicals.
|2 fast
|0 (OCoLC)fst01411641
|
| 655 |
|
7 |
|a Periodicals.
|2 lcgft
|
| 710 |
1 |
|
|a United States.
|b Federal Highway Administration.
|
| 710 |
1 |
|
|a United States.
|b Federal Transit Administration.
|
| 776 |
0 |
8 |
|i Print version:
|t Status of the nation's highways, bridges and transit (Dept. ed. : 2000)
|x 1931-9312
|w (DLC) 00253556
|w (OCoLC)44589268
|
| 780 |
0 |
0 |
|t Status of the nation's surface transportation system
|
| 856 |
4 |
0 |
|u https://purl.fdlp.gov/GPO/LPS6047
|t 0
|
| 999 |
f |
f |
|s 2fba3423-f02b-3f3b-bfb7-468c076f85cf
|i 7250dfd6-b7a4-3933-b9a6-9590c147fa9d
|t 0
|
| 952 |
f |
f |
|a Texas A&M University
|b College Station
|c Electronic Resources
|d Available Online
|t 0
|e TD 2.30/5:
|h Superintendent of Documents classification
|
| 998 |
f |
f |
|a TD 2.30/5:
|t 0
|l Available Online
|